| 000 | 00636nam a22002057a 4500 | ||
|---|---|---|---|
| 003 | OSt | ||
| 005 | 20260212074043.0 | ||
| 008 | 260212b |||||||| |||| 00| 0 eng d | ||
| 020 | _a81-8342-000-1. | ||
| 040 |
_aDWC-Main lib _cOC |
||
| 082 | _aCirc. 910.46 B575 2006 | ||
| 100 | _aBhatt, Harish | ||
| 245 |
_aHospitality and tourism management _cHarish Bhatt |
||
| 260 |
_aNew Delhi : _bCrescent Publishing Corporation, _cc2006. |
||
| 300 |
_a285 pages : _c22 cm. |
||
| 504 | _aIncludes bibliographical references and index. | ||
| 650 | _a1. Hospitality industry. | ||
| 650 | _a2. Hotels and motels. | ||
| 942 |
_2ddc _cBK-CIRC _kCirc. _n0 |
||
| 999 |
_c8377 _d8377 |
||